000 00904nam a2200229Ia 4500
999 _c38264
_d38264
001 4254
003 GE_BSU
005 20191011113648.0
008 181216s||||||||xx |||||||||||||| ||und||
040 _cGE_BSU
041 _ageo
080 _a37.01(479.22)(092)+811.353.1-8+37(479.223)(09) გ-58
100 _aგობრონიძე, ალ.
_94660
245 _a"დედა ენა" აჭარაში /
_cრედ. აზ. ახვლედიანი.
264 _a ბათუმი :
_bსაბჭოთა აჭარა,
_c1976.
300 _a52 გვ. ;
_b17 სმ.
653 _aგოგებაშვილი, იაკობ;
653 _aდედა ენა;
653 _aგანათლების ისტორია აჭარაში;
700 _aახვლედიანი, აზ.
_eრედაქტორი
_94689
942 _cBK
_2udc